000 00211nam a22000977a 4500
020 _a9788119099054
082 _aK890
245 _aMERI PAHALI KAHANI - TEEN BAHANE - CHILDREN HINDI
300 _a16P
942 _cBK
999 _c10035
_d10035